Logo BPK

Biblioteka

Politechniki Koszalińskiej

Podstawowe uwarunkowania formowania zintegrowanej sieci magazynowej w kraju / (Rekord nr 18333)

Szczegóły MARC
000 -ETYKIETA REKORDU
podpole kontrolne o stałej długości 00367nam a2200133 i 4500
001 - NUMER KONTROLNY REKORDU
pole kontrolne bg
040 ## - ŹRÓDŁO KATALOGOWANIA
Instytucja, która utworzyła rekord BPK
041 ## - KOD JĘZYKA
Kod języka tekstu pol
008 - POLE O STAŁEJ DŁUGOŚCI - DANE KONTROLNE
podpole kontrolne o stałej długości s pl f |000 0 pol
100 1# - NAZWA OSOBOWA
Nazwa osobowa STACHOWIAK, Ambroży
245 #0 - TYTUŁ/ODPOWIEDZIALNOŚĆ
Tytuł Podstawowe uwarunkowania formowania zintegrowanej sieci magazynowej w kraju /
Pozostałe elementy strefy tytułu i oznaczenia odpowiedzialności Ambroży Stachowiak.
260 ## - STREFA ADRESU WYDAWNICZEGO
Miejsce wydania Poznań,
Data publikacji, dystrybucji/powstania dokumentu 1978.
856 ## - LOKALIZACJA I DOSTĘP DO ELEKTRONICZNYCH DOKUMENTÓW ZDALNYCH
Link (URL) http://koha.tu.koszalin.pl/cgi-bin/koha/opac-detail.pl?biblionumber=18333
Tekst linku Katalog online BPK
942 ## - DODATKOWE ELEMENTY (KOHA)
Typ dokumentu Książka
Egzemplarze
Wycofany Status egzemplarza Uszkodzony Dostępność Lokalizacja stała Lokalizacja bieżąca Miejsce przechowywania Sygnatura Kod kreskowy Typ dokumentu
      Dostępny Biblioteka Politechniki Koszalińskiej Biblioteka Politechniki Koszalińskiej Wypożyczalnia BG 25575 01666700 Książka
© 2023 Biblioteka Politechniki Koszalińskiej :: KOHA